Statistics for Indian States by Official Language with a Map

Click here to take the quiz!

General Stats

  • This quiz has been taken 1,696 times
  • The average score is 28 of 36

Answers on the Map

Answers color-coded by a green-red scale on the quiz's map according to % correct below.
Loading ...
 

Answer Stats

Language State % Correct
Gujarati, Marathi, and HindiDadra and Nagar Haveli
98%
Hindi and EnglishAndaman and
Nicobar Islands
97%
Mizo, English and HindiMizoram
97%
HindiDelhi
96%
HindiMadhya Pradesh
96%
HindiUttarakhand
96%
HindiJharkhand
96%
HindiRajasthan
96%
HindiHimachal Pradesh
96%
HindiHaryana
96%
HindiUttar Pradesh
96%
HindiChhattisgarh
96%
HindiBihar
96%
Bengali, English and KokborokTripura
93%
TamilTamil Nadu
93%
TamilPuducherry
93%
BengaliWest Bengal
88%
Telugu and UrduTelangana
87%
PunjabiPunjab
84%
Gujarati and KonkaniDaman and Diu
81%
Malayalam and EnglishLakshadweep
81%
GujaratiGujarat
80%
MarathiMaharashtra
73%
UrduJammu and Kashmir
71%
KannadaKarnataka
68%
TeluguAndhra Pradesh
67%
MalayalamKerala
63%
AssameseAssam
59%
EnglishSikkim
55%
EnglishArunachal Pradesh
55%
EnglishMeghalaya
55%
EnglishChandigarh
55%
EnglishNagaland
55%
KonkaniGoa
39%
OdiaOdisha
34%
Meiteilon (Manipuri)Manipur
30%

Score Distribution

Percentile by Number Answered

Percent of People with Each Score

Your Score History

You have not taken this quiz